000
00377nam a2200133Ia 4500
008
100328s9999 xx 000 0 und d
082
_b
62530
100
_a
---
245
_a
पूर्णांक की ओर.
260
_b
अर्चना.
630
_a
पूर्णांक की ओर.
730
_a
पूर्णांक की ओर.
942
_c
BOOK
999
_c
548502
_d
548499